Random Taylor Swift Song Lyrics # 3 - Statistics

General Stats
  • This quiz has been taken 235 times
  • The average score is 128 of 234
Answer Stats
Lyrics % Correct
I
98%
a
96%
the
95%
You
95%
you
95%
me
86%
and
81%
And
81%
on
79%
be
78%
to
77%
when
72%
in
70%
my
70%
your
69%
of
63%
there
63%
we're
59%
can
56%
They
56%
with
56%
you're
56%
that
55%
Day
54%
I'm
54%
Don't
51%
don't
51%
I'll
51%
it's
51%
but
50%
But
50%
up
50%
New
49%
could
47%
ever
47%
if
46%
night
46%
Year's
46%
their
44%
down
43%
want
42%
will
42%
read
41%
after
39%
back
39%
floor
39%
last
39%
bottles
37%
cleaning
37%
from
37%
glitter
37%
Hold
37%
hold
37%
party
37%
stay
37%
shoes
36%
There's
36%
Girls
35%
hand
33%
midnights
33%
hard,
32%
page
32%
Please
32%
tell
32%
carrying
31%
lobby
31%
long
31%
memories
31%
Or
31%
or
31%
out
31%
home
30%
away
29%
become
29%
before,
29%
gonna
29%
laugh
29%
stranger
29%
times
29%
recognise
28%
anywhere
27%
babe
27%
road
27%
taxi
27%
hardwood
26%
Polaroids
26%
three
26%
Candle
25%
squeeze
25%
wax
25%
Whose
25%
town,
24%
making
23%
turning
23%
mistakes
22%
wrong,
22%
Forevermore
21%
lost,
21%
scared,
21%
toast
20%
crawling
18%
strike
17%
wll
1%
No matching quizzes found
Score Distribution
Percent of People with Each Score
Percentile by Number Answered
Your Score History
You have not taken this quiz